MARC

LEADER 00000nam0a2200000 4500
001 279127
005 20231101235159.0
035 |a (RuTPU)RU\TPU\book\302405 
090 |a 279127 
100 |a 20141217d1985 m y0rusy50 ca 
101 0 |a rus 
102 |a RU 
105 |a a z 001zy 
200 1 |a Прочностные и динамические характеристики машин и конструкций  |e межвузовский сборник научных трудов  |f Пермский политехнический институт (ППИ) ; под ред. Г. Л. Колмогорова 
210 |a Пермь  |c Изд-во Пермского политехнического ин-та  |d 1985 
215 |a 144 с.  |c ил. 
320 |a Библиогр. в конце ст. 
606 1 |a Машины  |x Расчет на прочность  |2 stltpush  |3 (RuTPU)RU\TPU\subj\41695  |9 61481 
606 1 |a Машины  |x Динамика  |2 stltpush  |3 (RuTPU)RU\TPU\subj\41691  |9 61477 
610 1 |a прочностные характеристики 
610 1 |a динамические характеристики 
610 1 |a пространственные формы 
610 1 |a осесимметрические тела 
610 1 |a напряженно-деформированное состояние 
610 1 |a слоисто-однородные среды 
610 1 |a гибкие трубопроводы 
610 1 |a звук 
610 1 |a колебания 
610 1 |a футеровка 
610 1 |a вязкоупругие среды 
610 1 |a виброактивность 
610 1 |a гидропрессование 
610 1 |a волочение 
610 1 |a научные труды 
675 |a 621.01:539.4  |v 4 
675 |a 621.01:531.3  |v 4 
702 1 |a Колмогоров  |b Г. Л.  |4 340 
712 0 2 |a Пермский политехнический институт (ППИ)  |c (1960-1992)  |2 stltpush  |3 (RuTPU)RU\TPU\col\7911 
801 1 |a RU  |b 63413507  |c 20141217 
801 2 |a RU  |b 63413507  |c 20190116  |g RCR 
942 |c BK